UK Towns Quiz - Merthyr Tydfil - Wales - Statistics

General Stats
  • This quiz has been taken 32 times
  • The average score is 3 of 6
Answer Stats
Clue Population Town % Correct
M 39,537 Merthyr Tydfil
100%
A 2,429 Aberfan
59%
T 5,043 Treharris
41%
B 1,093 Bedlinog
35%
T 3,779 Troedyrhiw
35%
T 2,021 Trelewis
29%
No matching quizzes found
Score Distribution
Percent of People with Each Score
Percentile by Number Answered
Your Score History
You have not taken this quiz